000 nam a22 a 4500
999 _c3687
_d3687
005 20170523152139.0
008 170523b1986 -us||||| |||| 00| 0 eng d
020 _a0871683148
020 _a0871682834 (pbk.)
040 _aAKMAL
082 0 4 _a660.6 KOS
090 _a660.6
_bKOS
245 0 0 _aBiotechnology :
_bthe renewable frontier
_cedited by Daniel E. Koshland, Jr.
260 _aWashington, D.C. :
_bAmerican Association for the Advancement of Science,
_c1986.
300 _a384p
_c24cm
650 0 _aBiotechnology
_97290
650 0 _aBiology
_xResearch.
_97291
700 1 _aKoshland, Daniel E.
_97292
852 4 1 _aBritish Library
_bDSC
942 _2ddc
_cBOOK